Statistics for Biman Bangladesh Airlines-Dhaka

Click here to take the quiz!

General Stats

  • This quiz has been taken 23 times
  • The average score is 16 of 22

Answer Stats

Country Airport % Correct
UKLondon
100%
OmanMuscat
100%
UAEDubai
100%
UAEAbu Dhabi
100%
ThailandBangkok
100%
SingaporeSingapore
100%
Saudi ArabiaRiyadh
100%
Saudi ArabiaJeddah
100%
QatarDoha
100%
NepalKathmandu
100%
MalaysiaKuala Lumpur
100%
KuwaitKuwait City
100%
IndiaKolkata
92%
MyanmarYangon
85%
BangladeshChittagong
85%
Saudi ArabiaDammam
85%
BangladeshSylhet
31%
BangladeshCox's Bazar
15%
BangladeshSaidpur
8%
BangladeshJessore
8%
BangladeshBarisal
8%
BangladeshRajshahi
0%

Score Distribution

Percentile by Number Answered

Percent of People with Each Score

Your Score History

You have not taken this quiz